Formación de parejas de amor (Registro nro. 1842)
[ vista simple ]
| 000 -CABECERA | |
|---|---|
| Longitud fija campo de control | 00904nam a2200265Ia 4500 |
| 005 - • FECHA Y HORA DE LA ÚLTIMA TRANSACCIÓN | |
| Fecha y hora de la última transacción | 20220316235707.0 |
| 008 - • CÓDIGOS DE INFORMACIÓN DE LONGITUD FIJA | |
| Códigos de información de longitud fija | 121119s2001 ck a gr 000 0 spa |
| 020 ## - • NÚMERO INTERNACIONAL NORMALIZADO PARA LIBROS | |
| Número Internacional Normalizado para Libros (ISBN) | 9586532992 |
| 041 0# - • CÓDIGO DE LENGUA | |
| Código de lengua del texto/banda sonora o título independiente | spa |
| 082 04 - • NÚMERO DE LA CLASIFICACIÓN DECIMAL DEWEY | |
| Número de clasificación (R) | 346.2 |
| Número del ítem | C14f |
| Número de edición | 23 edición |
| 040 ## - FUENTE DE LA CATALOGACIÓN | |
| Centro catalogador de origen | CO-BoRNBP |
| Lengua de catalogación | spa |
| Normas de descripción | rda |
| Centro transcriptor | CO-BoRNBP |
| 100 1# - • PUNTO DE ACCESO PRINCIPAL-NOMBRE DE PERSONA | |
| Nombre de persona | Caldas, Tito Livio |
| 245 10 - • TITULO PROPIAMENTE DICHO | |
| Título | Formación de parejas de amor |
| Resto del título | pacto civil de convivencia |
| Mención de responsabilidad, etc. | Tito Livio Caldas, colaboración de Enrique Viveros |
| 250 ## - • MENCIÓN DE EDICIÓN | |
| Mención de edición | Primera edición |
| 264 ## - PRODUCCIÓN, PUBLICACIÓN , DISTRIBUCIÓN, FABRICACIÓN Y COPYRIGHT | |
| Lugar de producción, publicación, distribución, fabricación | Bogotá |
| Nombre del productor, editor, distribuidor, fabricante | Legis |
| Fecha de de producción, publicación, distribución, fabricación o copyright | 2001 |
| 300 ## - • DESCRIPCIÓN FÍSICA | |
| Extensión | 78 páginas |
| Otras características físicas | ilustraciones |
| Dimensiones | 22 cm |
| 336 ## - TIPO DE CONTENIDO | |
| Término de tipo de contenido | texto |
| Código de tipo de contenido | txt |
| Fuente | rdacontent |
| 337 ## - TIPO DE MEDIO | |
| Nombre del tipo de medio | sin mediación |
| Código del tipo de medio | n |
| Fuente | rdamedia |
| 338 ## - TIPO DE SOPORTE | |
| Nombre del tipo de soporte | volumen |
| Código del tipo de soporte | nc |
| Fuente | rdacarrier |
| 650 14 - • PUNTO DE ACCESO ADICIONAL DE MATERIA - TÉRMINO DE MATERIA | |
| Término de materia o nombre geográfico como elemento inicial | Derecho de familia |
| Fuente del encabezamiento o término | LEMB |
| 650 14 - • PUNTO DE ACCESO ADICIONAL DE MATERIA - TÉRMINO DE MATERIA | |
| Término de materia o nombre geográfico como elemento inicial | Unión de hecho |
| Subdivisión de materia general | Legislación |
| Subdivisión geográfica | Colombia |
| Fuente del encabezamiento o término | LEMB |
| 650 14 - • PUNTO DE ACCESO ADICIONAL DE MATERIA - TÉRMINO DE MATERIA | |
| Término de materia o nombre geográfico como elemento inicial | Separación del patrimonio |
| Fuente del encabezamiento o término | LEMB |
| 700 1# - • PUNTO DE ACCESO ADICIONAL - NOMBRE DE PERSONA | |
| Nombre de persona | Viveros, Enrique |
| Término indicativo de función | colaborador |
| 942 ## - ENTRADA DE ELEMENTOS AGREGADOS (KOHA) | |
| Fuente de clasificaión o esquema | Dewey Decimal Classification |
| Koha [por defecto] tipo de item | LIbro |
| Perdido | Fuente de clasificación o esquema | Estado Físico | No para préstamo | Forma de adquisición | Localización permanente | Localización actual | Localización en estanterías | Fecha adquisición | Préstamos totales | Signatura completa | Código de barras | Fecha última consulta | Número de copia | Fecha del precio de reemplazo | Tipo de item de Koha |
|---|---|---|---|---|---|---|---|---|---|---|---|---|---|---|---|
| Dewey Decimal Classification | Colección General | Biblioteca Pública Cubarral | Biblioteca Pública Cubarral | General | 08/10/2023 | 346.016 C14f | CUB02514 | 08/10/2023 | Ej.1 | 08/10/2023 | LIbro | ||||
| Dewey Decimal Classification | Colección General | Biblioteca Pública Fuentedeoro - Henry Llanos García | Biblioteca Pública Fuentedeoro - Henry Llanos García | General | 05/04/2023 | 346.016 C14f | Fo0000309 | 05/04/2023 | Ej.1 | 05/04/2023 | LIbro | ||||
| Dewey Decimal Classification | Colección General | Biblioteca Pública Lejanias | Biblioteca Pública Lejanias | General | 06/26/2023 | 346.016 C14f | LEJ00308 | 06/26/2023 | Ej.1 | 06/26/2023 | LIbro | ||||
| Dewey Decimal Classification | Colección General | Biblioteca Pública Restrepo | Biblioteca Pública Restrepo | General | 07/16/2025 | 346.2 C14f | RES00465 | 07/16/2025 | Ej.1 | 07/16/2025 | LIbro | ||||
| Dewey Decimal Classification | Colección General | Biblioteca Pública San Carlos de Guaroa - Eduardo Carranza | Biblioteca Pública San Carlos de Guaroa - Eduardo Carranza | General | 04/04/2025 | 346.2 C14f | SG02825 | 04/04/2025 | Ej.1 | 04/04/2025 | LIbro | ||||
| Dewey Decimal Classification | Colección General | Biblioteca Pública El Castillo - Alfonso Meneses | Biblioteca Pública El Castillo - Alfonso Meneses | General | 06/02/2023 | 346.016 C14f | EC00636 | 06/02/2023 | Ej.1 | 06/02/2023 | LIbro | ||||
| Dewey Decimal Classification | Colección General | Biblioteca Pública Guamal | Biblioteca Pública Guamal | General | 03/15/2023 | 346.016 C14f | GUA002288 | 03/15/2023 | Ej.1 | 03/15/2023 | LIbro | ||||
| Dewey Decimal Classification | Colección General | Biblioteca Pública La Macarena | Biblioteca Pública La Macarena | General | 07/25/2025 | 346.2 C14f | LM02832 | 07/25/2025 | Ej.1 | 07/25/2025 | LIbro | ||||
| Dewey Decimal Classification | Colección General | Biblioteca Pública San Juan de Arama - Concepción de Arama | Biblioteca Pública San Juan de Arama - Concepción de Arama | General | 07/06/2023 | 346 016 C14F | SJA00564 | 07/06/2023 | Ej.1 | 07/06/2023 | LIbro | ||||
| Dewey Decimal Classification | Colección General | Biblioteca Pública Vistahermosa | Biblioteca Pública Vistahermosa | General | 07/25/2023 | 346.016 C14f | VIS00339 | 07/25/2023 | Ej.1 | 07/25/2023 | LIbro |